Представление документа в формате MARC21

Поле Инд. ПП Название Значение
Тип записи a
Библиографический уровень m
001 Контрольный номер RU/IS/BASE/313591170
005 Дата корректировки 20220704094232.6
020 a ISBN 978-5-91674-020-2
040 a Служба первич. каталог. НБ ТвГУ
b Код языка каталог. rus
e Правила каталог. PSBO
041 0_ a Код языка текста rus
080 a Индекс УДК 1(470)(091)(081.2)
080 a Индекс УДК 930.85(081.2)
084 a Индекс другой классификации/Индекс ББК Ю3(2)62
090 a Полочн. индекс Ю3(2)62
x Авторский знак Ф 56
245 10 a Заглавие Философия, психология и педагогика Ф. Т. Михайлова
b Продолж. заглавия публикация архивных материалов
c Ответственность РАН, Институт философии ; составители, авторы предисловия: Л. К. Арсенкина, А. А. Воронин, А. Ф. Михайлова ; ответственный редактор А. А. Воронин
260 a Место издания Москва
b Издательство Индрик
c Дата издания 2009
300 a Объем 590 с., [8] л. ил.
504 a Библиография Библиогр. работ Ф. Т. Михайлова: с. 582-590 (147 назв.)
520 0_ a Аннотация Публикуемые материалы из личного архива Ф. Т. Михайлова (1930 - 2006) дают представление о его работе в последние годы жизни. Помимо теоретических и прикладных исследований, в книгу вошли его личные воспоминания, фотографии и автобиографические заметки.
653 0_ a Ключевые слова Культура России 20 в.
a Ключевые слова Россия
a Ключевые слова Русская культура
a Ключевые слова Философия России
a Ключевые слова Русская философия
a Ключевые слова Философия культуры
a Ключевые слова Русские
a Ключевые слова Философия русских
a Ключевые слова 20 в.
700 12 a Другие авторы Воронин Андрей Андреевич
e Роль лиц сост., отв. ред.
700 1_ a Другие авторы Арсенкина Л. К.
e Роль лиц сост.
700 1_ a Другие авторы Михайлова А. Ф.
e Роль лиц сост.
852 41 i Расстановочный признак Проверка 2022
901 t Тип документа m
920 a Оператор Суха
a Оператор Семен
930 a Новая/Ретро ретро
952 c Вид литературы К рн
954 a Дата поступления на обработку 20100114
e Дата перешифровки 20220204
954 a Дата поступления на обработку 20220704